000 00675nam a2200289Ia 4500
005 20260324130833.0
008 008 260324s9999 xx 000 0 eng d
020 _a9780203001592
037 _aEBOOK
040 _aCRL
040 _beng
040 _cCRL
041 _2eng
041 _aeng
084 _qCRL
100 _aIrene Wilkie; Carmen Arnaiz
_91183264
245 0 _aIntermediate Spanish
245 2 _bA Grammar and Workbook
260 _bTaylor and Francis
260 _c2007
365 _a
365 _b255
856 _uhttp://www.taylorfrancis.com/books/9780203001592
942 _cEBOOK
999 _c1779826
_d1779826